000 00715nam a2200253Ia 4500
003 OSt
005 20220925205745.0
006 a|||||r|||| 00| 0
007 ta
008 220923b |||||||| |||| 00| 0 eng d
020 _a0870223550
037 _cGeneral Book
040 _aRTL
_cRTL
_beng
041 _2eng
_aeng
082 _aQ4.9392.N7, L1
100 _aHunter Louise H
_9270946
245 0 _aBuddhism in hawaii
_b Its impact on a yankee community
260 _aHonolulu
_bUniversity of Hawaii Press
_c1971
300 _ax,266p.
_ccm.
500 _aBib p. 251-55
650 _aBuddhism
942 _hQ4.9392.N7, L1
_cGB
_2CC
999 _c553113
_d553113